| 000 | 01281cam a2200289 4500 | ||
|---|---|---|---|
| 001 | ##L131172 | ||
| 002 | ##9057 | ||
| 008 | 050720n2005 000 0 eng u | ||
| 020 | _a0727733591 | ||
| 035 | _a(Sirsi) u131172 | ||
| 041 | 0 | _aeng | |
| 050 | 0 | 4 | _a624.04 $2 18 |
| 110 | 2 |
_aInstitution of Civil Engineers _91402 |
|
| 240 | 0 | 0 | _aECC |
| 245 | _aEngineering and Construction Contract | ||
| 250 | _a3rd ed. | ||
| 260 |
_aLondon _bThomas Telford _c2005 |
||
| 300 |
_aiv, 85p. _c30cm. |
||
| 350 | _a30 | ||
| 490 |
_aNew Engineering Contract (Third Edition) _vEngineering and Construction Contract (Third Edition) |
||
| 520 | _aIntended for use to appoint a contractor for engineering and construction work, including any level of design work, this contract offers six principle options. Two dispute resolution options follow before the introduction of a secondary range of options which may or may not be used in various combinations. | ||
| 520 | _aSupersedes second edition (ISBN 0727720945). | ||
| 650 | 2 | 4 | _aNEW ENGINEERING CONTRACT (THIRD EDITION) |
| 650 | 2 | 4 | _aNEC ENGINEERING AND CONSTRUCTION CONTRACT (THIRD EDITION) |
| 690 | _aBUILT ENVIRONMENT-BUILDING CONTRACT FORMS-STANDARD FORMS OF BUILDING CONTRACT-NEW ENGINEERING CONTRACT CONTRACTS | ||
| 942 | _n0 | ||
| 999 |
_c104659 _d104659 |
||